L' Europe, un reve graphique;
Αποθηκεύτηκε σε:
| Άλλοι συγγραφείς: | |
|---|---|
| Μορφή: | Βιβλίο |
| Γλώσσα: | French |
| Δημοσίευση: |
Paris :
L' Harmattan,
2001
|
| Θέματα: | |
| Ετικέτες: |
Προσθήκη ετικέτας
Δεν υπάρχουν, Καταχωρήστε ετικέτα πρώτοι!
|
MARC
| LEADER | 00000nam a2200000 i 4500 | ||
|---|---|---|---|
| 001 | 1/42262 | ||
| 008 | 031013s2001 fre d | ||
| 020 | |a 2-7475-1718-7 | ||
| 035 | |l 10071140 | ||
| 040 | |a GR-MY-UA |b gre |e aacr | ||
| 041 | 0 | |a fre | |
| 082 | 0 | |a 809.89282 | |
| 245 | 1 | 3 | |a L' Europe, un reve graphique; / |c sous la direction de Jean Perrot ; ouvrage coordonne par Patricia Pochard |
| 260 | |a Paris : |b L' Harmattan, |c 2001 | ||
| 300 | |a 191 p. | ||
| 650 | 0 | 0 | |a Picture books for children. |
| 650 | 0 | 0 | |a Children |x Books and reading. |
| 700 | 1 | |a Perrot, Jean. |4 edt | |
| 852 | |a INST |b RHODES |e 20031013 |h 809.89282 EUR |p 005400019985 |q 005400019985 |t BK |y 0 | ||
| 901 | |a BIBL4-2003-3 | ||
| 909 | |a Ρ |b 106246 | ||
| 922 | |a 4ΕΛΗ |b 200309 |c ΕΠΕΑΕΚ2/ΤΕΠΑΕΣ |d ΜΙΧΑΛΟΠΟΥΛΟΣ | ||
| 950 | |a 096-2003-06-24 | ||
| 970 | |a ΚΟΥΛΑΚΙΟΤΗ |b ΛΙΤΣΑ |z 2003/10/22 | ||